Perspectives in environmental studies (Record no. 1536)

MARC details
000 -LEADER
fixed length control field 00503cam a2200193ua 4500
008 - FIXED-LENGTH DATA ELEMENTS--GENERAL INFORMATION
fixed length control field 110921n ii |||gr||||Z||||||eng
020 ## - INTERNATIONAL STANDARD BOOK NUMBER
International Standard Book Number 81-224-1548-2
040 ## - CATALOGING SOURCE
Transcribing agency MAIN
082 ## - DEWEY DECIMAL CLASSIFICATION NUMBER
Classification number 363.7
245 10 - TITLE STATEMENT
Title Perspectives in environmental studies
Statement of responsibility, etc. by Anubha Kaushik
250 ## - EDITION STATEMENT
Edition statement 1st ed.
260 ## - PUBLICATION, DISTRIBUTION, ETC.
Place of publication, distribution, etc. New Delhi:
Name of publisher, distributor, etc. New age,
Date of publication, distribution, etc. 2004.
300 ## - PHYSICAL DESCRIPTION
Extent xv, 260p.:
Other physical details ill.;5cm.
700 ## - ADDED ENTRY--PERSONAL NAME
Personal name Kaushik, Anubha,
700 ## - ADDED ENTRY--PERSONAL NAME
Personal name Kaushik, C.P.,
Relator term
942 ## - ADDED ENTRY ELEMENTS (KOHA)
Koha item type Books
653 ## - INDEX TERM--UNCONTROLLED
Uncontrolled term Environmental studies
Holdings
Withdrawn status Lost status Damaged status Not for loan Home library Current library Shelving location Date acquired Total Checkouts Full call number Barcode Date last seen Date last checked out Copy number Price effective from Koha item type
        Central Library, Naharkatiya College Central Library, Naharkatiya College General Stacks 19/09/2020 9 363.7 | KAU 3328 18/03/2025 12/03/2025 1 19/09/2020 Books

Naharkatiya College © 2020. All rights reserved.

Powered By